| 000 | 01221cam a2200373 i 4500 | ||
|---|---|---|---|
| 999 |
_c200436024 _d54236 |
||
| 001 | 200436024 | ||
| 003 | TR-AnTOB | ||
| 005 | 20200217102234.0 | ||
| 007 | ta | ||
| 008 | 840404s19811978ilu b 001 0 eng d | ||
| 010 | _z77013911 | ||
| 020 | _a0226288765 (pbk.) | ||
| 020 | _a9780226288765 (pbk.) | ||
| 035 | _a(TR-AnTOB)200436024 | ||
| 040 |
_aHLS _beng _erda _cHLS _dNJS _dBGZ _dTR-AnTOB |
||
| 041 | 0 | _aeng | |
| 050 | 4 | _aBJ1012 | |
| 090 |
_aBJ1012 _b.G47 1981 |
||
| 100 | 1 |
_aGewirth, Alan _eauthor _9125293 |
|
| 245 | 1 | 0 |
_aReason and morality / _cAlan Gewirth. |
| 250 | _aPhoenix edition. | ||
| 264 | 1 |
_aChicago : _bUniversity of Chicago Press, _c1981. |
|
| 264 | 4 | _c©1978 | |
| 300 |
_axii, 393 pages ; _c23 cm |
||
| 336 |
_atext _btxt _2rdacontent |
||
| 337 |
_aunmediated _bn _2rdamedia |
||
| 338 |
_avolume _bnc _2rdacarrier |
||
| 504 | _aIncludes bibliographical references and index. | ||
| 505 |
_tThe problem of justification -- _tThe normative structure of action -- _tThe principle of generic consistency -- _tDirect applications of the principle -- _tIndirect applications of the principle. |
||
| 650 | 0 |
_aEthics _926062 |
|
| 942 |
_2lcc _cBK |
||